| 000 | 00397 a2200109 4500 | ||
|---|---|---|---|
| 001 | ART_13117 | ||
| 005 | 20260410161817.0 | ||
| 008 | 260409a | ||
| 245 | 1 | 0 | _aLa ejecución de sentencias y la Ley de Presupuesto |
| 100 | 1 | _aAberastury, Pedro | |
| 773 | 0 |
_tRevista Juridica de Buenos Aires _gEl derecho constitucional presupuestario en el derecho comparado (ene. 2010) _wREV4315 |
|
| 999 |
_c22004 _d22004 |
||